| 000 | 01432nam a2200301 a 4500 | ||
|---|---|---|---|
| 001 | 000047361 | ||
| 003 | DO-SdBNP | ||
| 005 | 20230405143900.0 | ||
| 007 | ta | ||
| 008 | 130425s2002 dr 000 0 spa d | ||
| 040 |
_aDO-SdBNP _bspa _cBNPHU |
||
| 082 | 4 |
_a343.7293 _bL681t _222 |
|
| 110 | 2 |
_aRepública Dominicana _9447 |
|
| 240 | 1 | 0 | _a[Leyes, etc.] |
| 245 | 1 | 0 |
_aLey No. 241 de tránsito de vehículos : _bG.O. No. 9068, de enero 1968 con sus modificaciones al mes de marzo de 2002 / _cAlmanzor González Canahuate [compilador]. |
| 246 | 1 | 3 | _aleyes y decretos complementarios |
| 246 | 1 | 3 | _aLeyes que modifican la ley 241 |
| 260 |
_aSanto Domingo : _bEditora Tavárez, _c2002. |
||
| 300 |
_a234 p. ; _c22 cm. |
||
| 500 | _aEn la cubierta : edición 2002 Recopilación Jurisprudencia Integral | ||
| 505 | 0 |
_aLey 124, del 10/31971, G.O. 9225 -- _tLey 160, del 4/6/1971 -- _tLey 255, del 15/1/1972, G. O. 9252 -- _tLey 585, promulgada 1977, G. O. 9431 -- _tLey 56-89, del 15/7/1989, G. O. 9763 -- _tLey 61-92, del 22/12/1992, (Listín Diario) -- _tLey 114-99, promulgada 16/12/99 -- _tLey sobre los celulares 143-01 -- |
|
| 590 | _aInventariado, 2018/VM | ||
| 650 | 4 |
_aReglamentos de transito _zRepública Dominicana _977295 |
|
| 650 | 4 |
_aTransporte motorizado _xLegislación _zRepublica Dominicana _975014 |
|
| 700 | 1 |
_aGonzález Canahuate, L. Almanzor. _95213 |
|
| 910 | _aValidado. Control de calidad MFF | ||
| 942 |
_2ddc _cLBS1 |
||
| 999 |
_c46849 _d46849 |
||